=LDR 00000nam 2200000 4500 =001 INLIS000000000017791 =005 20130612113015 =008 ***********************************Ind** =035 ##$$0010-061300000017791 =041 ##$$a Ind =082 ##$$a 691.7 =090 ##$$a 691.7, Ind y =100 ##$$a Indonesia.Undang-Undang, Peraturan dsb =245 ##$$a Peraturan perencanaan bangunan baja Indonesia (PPBBI) =260 ##$$a 1994 $b Jakarta =300 ##$$a iv, 156 hlm, ilus, 21 cm =650 ##$$a Baja struktur =850 ##$$a NBPNMAT